000 00332 a2200157 4500
001 47201
020 _a9780746080481
040 _cAnchieta - Aquarius
100 _aHelbrough, Enna
240 1 0 _aDogs
_lIng
245 1 0 _aDogs
300 _a20p
362 0 _a2003
650 4 _aLiteratura infanto-juvenil em inglês
942 _cBK
999 _c47201
_d47201